The horse and the energetic bull

Bibliographic Details
Main Author: Lopez, Chris
Corporate Author: Title
Format: Book
Published: Selangor : Pustaka Murni , 2005
Series:Pearl fantasy readers
Subjects:

MARC

LEADER 00000cam a2200000 7i4500
001 0000001390
005 20220105103921.0
008 070705
020 |a 9830783286(set) 
020 |a 9830783340 
090 0 0 |a JP   |b ENG (1269) 
100 1 |a Lopez, Chris 
245 1 0 |a The horse and the energetic bull   |c Chris Lopez 
260 |a Selangor :   |b Pustaka Murni ,   |c 2005 
440 |a Pearl fantasy readers 
500 |a Children age 4-6 years old (yellow) 
650 0 |a Junior preschool   |x English   |x Languages 
710 0 |a Title 
999 |a 0000965450   |b Book   |c Children Collection   |e Cawangan Bandar Tenggara 
999 |a 0000965452   |b Book   |c Children Collection   |e Cawangan Muar